000 01578cam a2200277 ab4500
999 _c842
_d842
001 005428695
003 OSt
005 20191223111210.0
008 130131r20092008xxkb j 000 f eng d
020 _a9780552552127 (pbk.) :
020 _a0552552127 (pbk.)
040 _aNCNU
_beng
_cNCNU
_dNCNU
_eAACR2
082 _aFIC PAO
084 _aPZ7.P19535
_bI55
100 1 _aPaolini, Christopher.
_eauthor
245 1 0 _aBrisingr /
_cChristopher Paolini.
246 1 3 _aSeven promises of Eragon Shadeslayer and Saphira Bjartskular.
260 _aLondon :
_bCorgi Children's,
_c2011.
300 _axix, 763 p. :
_bmap ;
_c20 cm.
490 0 _aInheritance cycle ;
_vbk. 3.
500 _aOriginally published: London: Doubleday, 2008.
520 _aFollowing the colossal battle against the Empire's warriors, Eragon and Saphira narrowly escaped with their lives. But more awaits the Rider and his dragon, as Eragon finds himself bound by promises he may not be able to keep, including his oath to cousin Roran to help rescue his beloved Katrina. When unrest claims the rebels and danger strikes, Eragon must make choices that take him across the Empire and beyond, choices that may lead to unimagined sacrifice. Conflict, action, adventure and one devastating death await readers as Eragon battles on behalf of the Varden while Galbatorix ruthlessly attempts to crush and twist him to his own purposes. Can he become a leader who can unite the rebel forces and defeat the King?
650 0 _aDragons
_xJuvenile fiction.
650 0 _aFantasy
_xJuvenile fiction.
942 _2ddc
_cFIC